<?xml version="1.0" encoding="UTF-8"?>
<record
    xmlns:xsi="http://www.w3.org/2001/XMLSchema-instance"
    xsi:schemaLocation="http://www.loc.gov/MARC21/slim http://www.loc.gov/standards/marcxml/schema/MARC21slim.xsd"
    xmlns="http://www.loc.gov/MARC21/slim">

  <leader>01526cam a2200265 a 4500</leader>
  <controlfield tag="001">1142970</controlfield>
  <controlfield tag="005">20210414113911.0</controlfield>
  <controlfield tag="008">950405s1996    mnua          001 0 eng  </controlfield>
  <datafield tag="010" ind1=" " ind2=" ">
    <subfield code="a">   95016235 </subfield>
  </datafield>
  <datafield tag="020" ind1=" " ind2=" ">
    <subfield code="a">1561183636</subfield>
  </datafield>
  <datafield tag="040" ind1=" " ind2=" ">
    <subfield code="a">DLC</subfield>
    <subfield code="c">DLC</subfield>
    <subfield code="d">DLC</subfield>
  </datafield>
  <datafield tag="050" ind1="0" ind2="0">
    <subfield code="a">HD30.3.F78 </subfield>
  </datafield>
  <datafield tag="082" ind1="0" ind2="0">
    <subfield code="a">658.4/5</subfield>
    <subfield code="2">20</subfield>
  </datafield>
  <datafield tag="100" ind1="1" ind2=" ">
    <subfield code="a">Fruehling, Rosemary T.,</subfield>
    <subfield code="d">1933-</subfield>
  </datafield>
  <datafield tag="245" ind1="1" ind2="0">
    <subfield code="a">Communicating for results /</subfield>
    <subfield code="c">Rosemary T. Fruehling, Joan M. LaCombe.</subfield>
  </datafield>
  <datafield tag="260" ind1=" " ind2=" ">
    <subfield code="a">St. Paul, MN :</subfield>
    <subfield code="b">EMC Paradigm,</subfield>
    <subfield code="c">c1996.</subfield>
  </datafield>
  <datafield tag="300" ind1=" " ind2=" ">
    <subfield code="a">xi, 511 p. :</subfield>
    <subfield code="b">ill. (some col.) ;</subfield>
    <subfield code="c">24 cm.</subfield>
  </datafield>
  <datafield tag="500" ind1=" " ind2=" ">
    <subfield code="a">Includes index.</subfield>
  </datafield>
  <datafield tag="505" ind1=" " ind2=" ">
    <subfield code="a">Contents: Communcation is the sum of many parts -- Uncovering the psychology of business communication -- Communicate for results -- Listening for results -- Listening with a purpose -- Communicate for results -- Preparing presentations -- Communicate for results speaking checklist -- Reading for results -- Reading actively -- Reading wirh a purpose -- Communicate for results reading checklist -- Writing as a process - Writing with style -- Formatting for function and effectiveness -- Writing to inform -- Writing to request -- Writing to respond --Writing to sell -- Writing to report -- Communicate for results the RRTWRP Process -- Appendix -- Glossary.</subfield>
  </datafield>
  <datafield tag="650" ind1=" " ind2="0">
    <subfield code="a">Communication in management.</subfield>
  </datafield>
  <datafield tag="700" ind1="1" ind2=" ">
    <subfield code="a">Lacombe, Joan McCoola.</subfield>
  </datafield>
  <datafield tag="906" ind1=" " ind2=" ">
    <subfield code="a">7</subfield>
    <subfield code="b">cbc</subfield>
    <subfield code="c">orignew</subfield>
    <subfield code="d">1</subfield>
    <subfield code="e">ocip</subfield>
    <subfield code="f">19</subfield>
    <subfield code="g">y-gencatlg</subfield>
  </datafield>
  <datafield tag="942" ind1=" " ind2=" ">
    <subfield code="2">lcc</subfield>
    <subfield code="c">BK</subfield>
  </datafield>
  <datafield tag="999" ind1=" " ind2=" ">
    <subfield code="c">493</subfield>
    <subfield code="d">7993</subfield>
  </datafield>
  <datafield tag="952" ind1=" " ind2=" ">
    <subfield code="0">0</subfield>
    <subfield code="1">0</subfield>
    <subfield code="2">lcc</subfield>
    <subfield code="4">0</subfield>
    <subfield code="7">0</subfield>
    <subfield code="a">WIUC-1</subfield>
    <subfield code="b">WIUC-1</subfield>
    <subfield code="c">GEN</subfield>
    <subfield code="d">2012-01-26</subfield>
    <subfield code="l">0</subfield>
    <subfield code="o">HD30.3 .F78</subfield>
    <subfield code="p">1170/11</subfield>
    <subfield code="r">2012-01-26 00:00:00</subfield>
    <subfield code="w">2012-01-26</subfield>
    <subfield code="y">BK</subfield>
  </datafield>
  <datafield tag="952" ind1=" " ind2=" ">
    <subfield code="0">0</subfield>
    <subfield code="1">0</subfield>
    <subfield code="2">lcc</subfield>
    <subfield code="4">0</subfield>
    <subfield code="7">0</subfield>
    <subfield code="a">WIUC-1</subfield>
    <subfield code="b">WIUC-1</subfield>
    <subfield code="c">GEN</subfield>
    <subfield code="d">2012-01-26</subfield>
    <subfield code="l">0</subfield>
    <subfield code="o">HD30.3 .F781</subfield>
    <subfield code="p">1171/11</subfield>
    <subfield code="r">2012-01-26 00:00:00</subfield>
    <subfield code="w">2012-01-26</subfield>
    <subfield code="y">CF</subfield>
  </datafield>
  <datafield tag="952" ind1=" " ind2=" ">
    <subfield code="0">0</subfield>
    <subfield code="1">0</subfield>
    <subfield code="2">lcc</subfield>
    <subfield code="4">0</subfield>
    <subfield code="7">0</subfield>
    <subfield code="a">WIUC-1</subfield>
    <subfield code="b">WIUC-1</subfield>
    <subfield code="c">GEN</subfield>
    <subfield code="d">2012-01-26</subfield>
    <subfield code="l">0</subfield>
    <subfield code="o">HD30.3 .F782</subfield>
    <subfield code="p">1172/11</subfield>
    <subfield code="r">2012-01-26 00:00:00</subfield>
    <subfield code="w">2012-01-26</subfield>
    <subfield code="y">BK</subfield>
  </datafield>
  <datafield tag="952" ind1=" " ind2=" ">
    <subfield code="0">0</subfield>
    <subfield code="1">0</subfield>
    <subfield code="2">lcc</subfield>
    <subfield code="4">0</subfield>
    <subfield code="7">0</subfield>
    <subfield code="a">WIUC-1</subfield>
    <subfield code="b">WIUC-1</subfield>
    <subfield code="c">GEN</subfield>
    <subfield code="d">2012-01-26</subfield>
    <subfield code="l">0</subfield>
    <subfield code="o">HD30.3 .F783</subfield>
    <subfield code="p">1173/11</subfield>
    <subfield code="r">2012-01-26 00:00:00</subfield>
    <subfield code="w">2012-01-26</subfield>
    <subfield code="y">BK</subfield>
  </datafield>
  <datafield tag="952" ind1=" " ind2=" ">
    <subfield code="0">0</subfield>
    <subfield code="1">0</subfield>
    <subfield code="2">lcc</subfield>
    <subfield code="4">0</subfield>
    <subfield code="7">0</subfield>
    <subfield code="a">WIUC-1</subfield>
    <subfield code="b">WIUC-1</subfield>
    <subfield code="c">GEN</subfield>
    <subfield code="d">2012-01-26</subfield>
    <subfield code="l">0</subfield>
    <subfield code="o">HD30.3 .F784</subfield>
    <subfield code="p">1174/11</subfield>
    <subfield code="r">2012-01-26 00:00:00</subfield>
    <subfield code="w">2012-01-26</subfield>
    <subfield code="y">BK</subfield>
  </datafield>
</record>
